000 00568cam a2200181 4500500
005 20251012032440.0
041 _afre
042 _adc
100 1 0 _aPy-Daniel Lépine, Ruth
_eauthor
700 1 0 _a Lévi, Florence
_eauthor
700 1 0 _a Cunha, Fausto
_eauthor
700 1 0 _a Drummond de Andrade, Carlos
_eauthor
245 0 0 _aO Cozinheiro – Le Cuisinier
260 _c1999.
500 _a42
786 0 _nSigila | 3 | 2 | 1999-12-20 | p. 73-79 | 1286-1715
856 4 1 _uhttps://shs.cairn.info/revue-sigila-1999-1-page-73?lang=fr&redirect-ssocas=7080
999 _c1547277
_d1547277